Southville International School and Colleges
Your cart is empty.
  • Cart
  • Lists
    Public lists Eva Luna New books Lux_list list_1
    Your lists Log in to create your own lists
  • Log in to your account
  • Your cookies
  • Search history
Southville International School and Colleges
  • Advanced search
  • Recent comments
  • Most popular
  • Libraries

Log in to your account

Log in with GOOGLE


If you do not have an external account, but do have a local account, you can still log in:

  1. Home
  2. MARC view: TouchPoints for students :
Normal view MARC view ISBD view

TouchPoints for students : (Record no. 8916)

[ view plain ]
MARC details
000 -LEADER
fixed length control field 01077cam a22003254a 4500
001 - CONTROL NUMBER
control field 16570640
003 - CONTROL NUMBER IDENTIFIER
control field OSt
005 - DATE AND TIME OF LATEST TRANSACTION
control field 20140310182048.0
008 - FIXED-LENGTH DATA ELEMENTS--GENERAL INFORMATION
fixed length control field 101207s2009 ilu 000 0 eng
010 ## - LIBRARY OF CONGRESS CONTROL NUMBER
LC control number 2010284036
020 ## - INTERNATIONAL STANDARD BOOK NUMBER
International Standard Book Number 0842333088
040 ## - CATALOGING SOURCE
Original cataloging agency DLC
Transcribing agency DLC
042 ## - AUTHENTICATION CODE
Authentication code pcc
050 00 - LIBRARY OF CONGRESS CALL NUMBER
Classification number BV 4531.3
Item number .T722 1999
082 00 - DEWEY DECIMAL CLASSIFICATION NUMBER
Classification number HS 242.644
Item number T64 1999
100 1# - MAIN ENTRY--PERSONAL NAME
Personal name Beers, Ronald A.
9 (RLIN) 11803
245 10 - TITLE STATEMENT
Title TouchPoints for students :
Remainder of title God's answers for your daily needs /
260 ## - PUBLICATION, DISTRIBUTION, ETC. (IMPRINT)
Place of publication, distribution, etc Carol Stream, IL :
Name of publisher, distributor, etc Tyndale House Pub.,
Date of publication, distribution, etc c1999.
300 ## - PHYSICAL DESCRIPTION
Extent 312 p. :
Dimensions 16 cm.
490 0# - SERIES STATEMENT
Series statement TouchPoints series
650 #0 - SUBJECT ADDED ENTRY--TOPICAL TERM
Topical term or geographic name as entry element Students
General subdivision Religious life
Form subdivision Miscellanea.
9 (RLIN) 11804
650 #0 - SUBJECT ADDED ENTRY--TOPICAL TERM
Topical term or geographic name as entry element Christian teenagers
General subdivision Religious life
Form subdivision Miscellanea.
9 (RLIN) 11805
650 #0 - SUBJECT ADDED ENTRY--TOPICAL TERM
Topical term or geographic name as entry element Youth
General subdivision Religious life
Form subdivision Miscellanea.
9 (RLIN) 11806
650 #0 - SUBJECT ADDED ENTRY--TOPICAL TERM
Topical term or geographic name as entry element Christian life
General subdivision Biblical teaching
Form subdivision Miscellanea.
9 (RLIN) 11807
700 1# - ADDED ENTRY--PERSONAL NAME
Personal name Mason, Amy E.
9 (RLIN) 11808
906 ## - LOCAL DATA ELEMENT F, LDF (RLIN)
a 7
b cbc
c origres
d 2
e ncip
f 20
g y-gencatlg
942 ## - ADDED ENTRY ELEMENTS (KOHA)
Source of classification or shelving scheme Library of Congress Classification
Koha item type
Holdings
Withdrawn status Lost status Source of classification or shelving scheme Damaged status Home library Current library Shelving location Date acquired Total Checkouts Full call number Barcode Date last seen Copy number Price effective from Koha item type
    Library of Congress Classification   Luxembourg Library Luxembourg Library High School Section 08/17/2013   BV 4531.3 .T722 1999 11665 01/06/2016 1 08/17/2013 Books

TouchPoints for students :

APA

Beers R. A., Mason A. E., . (1999). TouchPoints for students. Carol Stream, IL: Tyndale House Pub.

Chicago

Beers Ronald A, Mason Amy E, . 1999. TouchPoints for students. Carol Stream, IL: Tyndale House Pub.

Harvard

Beers R. A., Mason A. E., . (1999). TouchPoints for students. Carol Stream, IL: Tyndale House Pub.

MLA

Beers Ronald A, Mason Amy E, . TouchPoints for students. Carol Stream, IL: Tyndale House Pub. 1999.

  • Place hold
  • Print
  • Cite
  • Add to your cart (remove)
  • Save record
    BIBTEX Dublin Core MARCXML MARC (non-Unicode/MARC-8) MARC (Unicode/UTF-8) MARC (Unicode/UTF-8, Standard) MODS (XML) RIS
  • More searches
    Search for this title in:
    Other Libraries (WorldCat) Other Databases (Google Scholar) Online Stores (Bookfinder.com) Open Library (openlibrary.org)

Exporting to Dublin Core...

SOUTHVILLE LIBRARY

Southville International School and Colleges Library

1281 Tropical Ave. Cor. Luxembourg St., BF Homes International, Las Pinas City

Tel. No. 8256374 / 252358 Loc. 117/146

Powered by Koha